000 00659nam a2200217 a 4500
001 BRCA_541
005 20190320203045.0
008 881230s1989 nyua---##b---#001-0#eng-#
020 _a0847810747
040 _aDLC
_cDLC
_dDLC
050 4 _aNE1321.8
_b.S39 1989
100 1 _aSchwaab, Dean J.
_91874
245 1 0 _aOsaka prints
_cDean J. Schwaab.
260 _aNueva York
_bRizzoli
_c1989
300 _a288 p.
_bil. (a color)
_c31 cm.
500 _aIncluye cronología, glosario e índice temático
650 1 4 _aGrabados en color
_xPeriodo Edo
_y1600-1868
_zOsaka (Japón)
_91875
650 1 4 _aTeatro en el arte
_91876
650 1 4 _aUkiyoe
_91161
942 _2lcc
_cB
999 _c472
_d472